Rulfo : (Record no. 117520)

MARC details
000 -LEADER
campo de control de longitud fija 00770nam a2200229 i 4500
001 - NÚMERO DE CONTROL
campo de control 117520
003 - IDENTIFICADOR DE NÚMERO DE CONTROL
campo de control ES-MaACL
005 - FECHA Y HORA DE LA ÚLTIMA TRANSACCIÓN
campo de control 20230906190925.0
007 - CAMPO FIJO DE DESCRIPCIÓN FÍSICA--INFORMACIÓN GENERAL
campo de control de longitud fija t|
008 - DATOS DE LONGITUD FIJA--INFORMACIÓN GENERAL
campo de control de longitud fija 070214s1975 ag |||| | spa d
080 ## - NÚMERO DE LA CLASIFICACIÓN DECIMAL UNIVERSAL
Número de la Clasificación Decimal Universal 821.134.2(72) Rulfo, Juan 1.07
100 1# - ENTRADA PRINCIPAL--NOMBRE DE PERSONA
Nombre de persona Peralta, Violeta.
9 (RLIN) 90380
245 10 - MENCIÓN DEL TÍTULO
Título Rulfo :
Resto del título la soledad creadora /
Mención de responsabilidad, etc. Violeta Peralta, Liliana Befumo Boschi.
260 ## - PUBLICACIÓN, DISTRIBUCIÓN, ETC.
Lugar de publicación, distribución, etc. Buenos Aires :
Nombre del editor, distribuidor, etc. Fernando García Cambeiro,
Fecha de publicación, distribución, etc. 1975.
300 ## - DESCRIPCIÓN FÍSICA
Extensión 245 p. ;
Dimensiones 22 cm.
490 1# - MENCIÓN DE SERIE
Mención de serie Estudios latinoamericanos ;
Designación de volumen o secuencia 16
600 14 - PUNTO DE ACCESO ADICIONAL DE MATERIA--NOMBRE DE PERSONA
Nombre de persona Rulfo, Juan (
Fechas asociadas al nombre 1917-1986)-
Subdivisión general Crítica e interpretación.
9 (RLIN) 173453
700 1# - ENTRADA AGREGADA--NOMBRE PERSONAL
Nombre de persona Befumo Boschi, Liliana.
9 (RLIN) 27033
830 1# - PUNTO DE ACCESO ADICIONAL DE SERIE-TÍTULO UNIFORME
Título uniforme Estudios latinoamericanos ;
Designación de volumen o secuencia 16
9 (RLIN) 191123
852 ## - LOCALIZACIÓN
Ubicación ES-MaACL
Número de control de estantería L-10275
Holdings
Estatus retirado Estado de pérdida Estado de daño No para préstamo Biblioteca de origen Biblioteca actual Ubicación en estantería Fecha de adquisición Fuente de adquisición Total de préstamos Signatura topográfica completa Código de barras Visto por última vez Precio de reemplazo Tipo de ítem Koha
        Biblioteca del Ateneo de Madrid Biblioteca del Ateneo de Madrid Depósito 2 17/01/2008     L-10275 1122521 23/02/2023 23/02/2023 Libro impreso